00910nam a2200229 a 4500001001000000003000500010005001700015008004100032010001100073011001100084040000900095100003000104245016500134260004100299500006000340502008000400650002900480650003900509650003000548650003200578856007000610000111018CHAP20220329144154.0141125s2014 mx a |sm |||||||spa d a107480 a108452 cCHAP1 aSandoval García, José10aInfluencia de extraíbles y densidad sobre el poder calorífico en Pinus engelmannii, Pinus oocarpa y Quercus sp.h[En línea]cpor José Sandoval García. aChapingo, Méx. :bEl autor,c2014. aPara ver el contenido del material haga clic en la liga aTesis (Ing. Forestal Industrial) -- UACH. División de Ciencias Forestales14aMadera como combustible.14aMaderaxAprovechamiento químico.14aMaderaxIdentificación.14aMaderaxPropiedades y usos. aFinding aiduhttp://10.13.5.2/tesis/sist111018.pdfzTeclea aquí